| 000 | 00786nam a22002295i 4500 | ||
|---|---|---|---|
| 001 | 169168 | ||
| 003 | ES-MaACL | ||
| 005 | 20240221135204.0 | ||
| 008 | 080821s2007 sp |||| | spa d | ||
| 020 | _a978-84-249-2886-5 | ||
| 080 | _a(038)=134.2 | ||
| 100 | 1 |
_aMoliner, María, _d1900-1981 _981987 |
|
| 245 | 1 | 0 |
_aDiccionario de uso del español / _cMaría Moliner. |
| 250 | _a3ª ed. | ||
| 260 |
_aMadrid : _bGredos, _c2007. |
||
| 300 |
_a2 v. ; _c26 cm. |
||
| 650 | 4 |
_aLengua española- _vDiccionarios. _914137 |
|
| 852 | 4 |
_aES-MaACL _jA-15173 _9 175812 _bR.142975 _cDEPO1 _dOlim: DIC L 134.2 MOL _dOlim: Meseton _pVol.1 |
|
| 852 | 4 |
_aES-MaACL _jA-15174 _bR.142975 _cDEPO1 _dOlim: DIC L 134.2 MOL _dOlim: Meseton _pVol.2 _9175813 |
|
| 942 | _2udc | ||
| 999 |
_c169168 _d169168 |
||